Fira de la Candelera : una fira amb arrels / Francesc Santolària Torres una fira amb arrels / Francesc Santolària Torres
ISBN:
84-932282-2-2
Descripción Física:
201 p. : il., fot. ; 29 cm
MARC
| LEADER | 00000nam a2200000Ia 4500 | ||
|---|---|---|---|
| 001 | 14379 | ||
| 008 | 160829s2002 xx 000 0 cat d | ||
| 020 | |a 84-932282-2-2 | ||
| 080 | |a FOL-2-43 | ||
| 100 | |a Santolària Torres, Francesc |9 25360 | ||
| 245 | |a Fira de la Candelera : |b una fira amb arrels / Francesc Santolària Torres | ||
| 260 | |a Molins de Rei : |b Ajuntament de Molins de Rei, |c 2002 | ||
| 300 | |a 201 p. : |b il., fot. ; |c 29 cm | ||
| 590 | |a Notes. | ||
| 590 | |a Bibliografia | ||
| 650 | |a Fira de la Candelera |x Molins de Rei |x Història |x 1852/2001 |9 25361 | ||
| 710 | 1 | |a Molins de Rei (Catalunya). |b Ajuntament |9 53926 | |
| 901 | |a Arxiu | ||
| 942 | |n 1 | ||
| 952 | |0 0 |1 0 |4 0 |6 FOL243 |7 1 |9 43578 |a Arxiu |b Arxiu |d 2016-12-01 |l 0 |o FOL-2-43 |p 14379 |r 2016-12-01 00:00:00 |w 2016-12-01 |y ARXIU | ||
| 999 | |c 46125 |d 46125 | ||